[Event "CZE-ch Seniors 50"]
[Site "Olomouc"]
[Date "2023.08.15"]
[Round "5"]
[White "Krejci, Jan"]
[Black "Vales, Vaclav"]
[Result "1/2-1/2"]
[WhiteElo "2041"]
[BlackElo "2028"]
[PlyCount "122"]
[EventDate "2023.08.12"]
[EventType "swiss"]
[EventRounds "9"]
[EventCountry "CZE"]
[SourceTitle "EXT 2024"]
[Source "ChessBase"]
[SourceDate "2023.10.10"]
[SourceVersion "1"]
[SourceVersionDate "2023.10.10"]
[SourceQuality "1"]

1. c4 c6 2. Nf3 d5 3. e3 Nf6 4. Nc3 e6 5. b3 Nbd7 6. Bb2 Bd6 7. d4 Qe7 8. Be2 0-0 9. 0-0 a6 10. a4 b6 11. Qc2 dxc4 12. bxc4 e5 13. a5 b5 14. Ne4 Nxe4 15. Qxe4 Nf6 16. Qh4 e4 17. Ne1 Rb8 18. Nc2 bxc4 19. Ba3 Rb3 20. Bxd6 Qxd6 21. Qg3 Qxg3 22. hxg3 Rb2 23. Rfc1 c3 24. Ra3 Nd5 25. Bc4 Bb7 26. Bxd5 cxd5 27. Rxc3 Rb5 28. Rc5 Rc8 29. Rxc8+ Bxc8 30. Na3 Rb8 31. Rb1 Rxb1+ 32. Nxb1 Kf8 33. Nc3 Bb7 34. f3 f5 35. Kf2 Bc6 36. g4 exf3 37. Kxf3 fxg4+ 38. Kxg4 Ke7 39. Kf4 Ke6 40. Kg5 Be8 41. Na2 Bb5 42. Nb4 Bc4 43. Nc6 Kd6 44. Ne5 Ke6 45. Kf4 Bf1 46. Kf3 Bb5 47. Kf2 Kd6 48. Nf7+ Kc6 49. Ne5+ Kd6 50. Kf3 Bf1 51. g4 Ke6 52. Kf4 Bb5 53. Nf3 Bd3 54. Ng5+ Kf6 55. Nh3 Ke6 56. Ng1 Kd6 57. Nf3 Ke6 58. Ne5 Bf1 59. Nc6 Bd3 60. Nb4 Bf1 61. g5 Kd6 1/2-1/2

[Event "CZE-ch Seniors 50"]
[Site "Olomouc"]
[Date "2023.08.13"]
[Round "3"]
[White "Krejci, Jan"]
[Black "Petras, Milan"]
[Result "1-0"]
[WhiteElo "2041"]
[BlackElo "1924"]
[PlyCount "83"]
[EventDate "2023.08.12"]
[EventType "swiss"]
[EventRounds "9"]
[EventCountry "CZE"]
[SourceTitle "EXT 2024"]
[Source "ChessBase"]
[SourceDate "2023.10.10"]
[SourceVersion "1"]
[SourceVersionDate "2023.10.10"]
[SourceQuality "1"]

1. Nf3 d5 2. c4 c6 3. g3 Bf5 4. Qb3 Qc8 5. Nc3 e6 6. Bg2 Na6 7. 0-0 Nf6 8. d4 dxc4 9. Qxc4 b5 10. Qb3 b4 11. Na4 Be4 12. Bg5 Bd5 13. Qc2 b3 14. axb3 Qb7 15. Rfc1 Ne4 16. Bf4 c5 17. Nc3 Nb4 18. Qd1 Rd8 19. Nxd5 Nxd5 20. Nd2 Nxd2 21. Qxd2 Qb6 22. Bxd5 Rxd5 23. Qa5 cxd4 24. Qxa7 Qxa7 25. Rxa7 Be7 26. Rcc7 Bd8 27. Rxf7 Rb5 28. Rxg7 Rxb3 29. Ra8 Rb5 30. Bg5 Rxg5 31. Rxg5 Kf7 32. Rb5 Re8 33. Rb7+ Re7 34. Rxe7+ Bxe7 35. Kf1 Kf6 36. Ke1 Bb4+ 37. Kd1 h6 38. Kc2 Kg7 39. Kd3 e5 40. Ra6 Be7 41. Ke4 Bf6 42. Kf5 1-0

[Event "CZE-chT2F 2122"]
[Site "Czech Republic"]
[Date "2021.11.07"]
[Round "2.6"]
[White "Krejci, Jan"]
[Black "Nytra, Petr"]
[Result "0-1"]
[WhiteElo "2082"]
[BlackElo "1956"]
[PlyCount "66"]
[EventDate "2021.10.17"]
[EventType "team-tourn"]
[EventRounds "11"]
[EventCountry "CZE"]
[SourceTitle "EXT 2024"]
[Source "ChessBase"]
[SourceDate "2023.10.10"]
[SourceVersion "1"]
[SourceVersionDate "2023.10.10"]
[SourceQuality "1"]
[WhiteTeam "Litovel Tatran"]
[BlackTeam "Orlova Slavia II"]
[WhiteTeamCountry "CZE"]
[BlackTeamCountry "CZE"]

1. Nf3 Nf6 2. c4 e6 3. g3 d5 4. Bg2 c6 5. b3 Be7 6. 0-0 0-0 7. d4 Nbd7 8. Nc3 Ne4 9. Nxe4 dxe4 10. Ne5 f5 11. Nxd7 Bxd7 12. f3 exf3 13. Bxf3 Bf6 14. e4 fxe4 15. Bxe4 c5 16. Be3 Bc6 17. Qg4 cxd4 18. Rad1 e5 19. Bc1 Qd6 20. Bf5 Rad8 21. Qh5 g6 22. Qg4 Bg7 23. Be6+ Kh8 24. Bg5 Rxf1+ 25. Rxf1 Rf8 26. Rf7 h5 27. Qh3 d3 28. Rxf8+ Qxf8 29. g4 Qf3 30. Qxf3 Bxf3 31. gxh5 Bxh5 32. Bd5 Kh7 33. Bxb7 Bh6 0-1

[Event "SVK-chT 1920"]
[Site "Slovakia"]
[Date "2020.09.06"]
[Round "11.1"]
[White "Saric, Ivan"]
[Black "Krejci, Jan"]
[Result "1/2-1/2"]
[WhiteElo "2646"]
[BlackElo "2543"]
[PlyCount "64"]
[EventDate "2019.10.19"]
[EventType "team-tourn"]
[EventRounds "11"]
[EventCountry "SVK"]
[SourceTitle "EXT 2021"]
[Source "ChessBase"]
[SourceDate "2020.10.23"]
[SourceVersion "1"]
[SourceVersionDate "2020.10.23"]
[SourceQuality "1"]
[WhiteTeam "Modra"]
[BlackTeam "Prakovce"]
[WhiteTeamCountry "SVK"]
[BlackTeamCountry "SVK"]

1. e4 e5 2. Nf3 Nf6 3. Nxe5 d6 4. Nf3 Nxe4 5. Nc3 Nxc3 6. dxc3 Be7 7. Be3 Nc6 8. Qd2 Be6 9. 0-0-0 Qd7 10. h4 h6 11. b3 Bf6 12. Be2 a6 13. Nd4 Nxd4 14. cxd4 d5 15. Bf4 0-0-0 16. Qa5 Be7 17. Bb5 c6 18. Bd3 Bd6 19. Bxd6 Qxd6 20. Rd2 Rhe8 21. a4 Re7 22. Qb6 Rde8 23. Kb2 Qd7 24. b4 Bf5 25. Bxf5 Qxf5 26. b5 Qf4 27. Rd3 Qc7 28. Qa7 Qa5 29. Rb3 cxb5 30. axb5 Rc7 31. Rc1 Qa4 32. bxa6 Qxa6 1/2-1/2

[Event "Ostrava Konik op-A"]
[Site "Ostrava"]
[Date "2019.04.29"]
[Round "3"]
[White "Muzik, Martin"]
[Black "Krejci, Jan"]
[Result "1-0"]
[WhiteElo "2160"]
[BlackElo "2085"]
[PlyCount "116"]
[EventDate "2019.04.27"]
[EventType "swiss"]
[EventRounds "9"]
[EventCountry "CZE"]
[SourceTitle "CBM 190 Extra"]
[Source "ChessBase"]
[SourceDate "2019.07.15"]
[SourceVersion "1"]
[SourceVersionDate "2019.07.15"]
[SourceQuality "1"]

1. e4 e5 2. Bc4 Nc6 3. Nf3 Be7 4. d4 exd4 5. Nxd4 d6 6. 0-0 Nf6 7. Nc3 0-0 8. Re1 Re8 9. Bg5 h6 10. Bh4 Ne5 11. Bf1 c6 12. Bg3 Bf8 13. a4 Qb6 14. a5 Qc7 15. f3 Nh5 16. Bf2 Nf4 17. Be3 Nfg6 18. h3 Qe7 19. f4 Nd7 20. Nf5 Qe6 21. Qd2 Nf6 22. Bd4 d5 23. Ng3 dxe4 24. f5 Qd6 25. Ngxe4 Nxe4 26. Nxe4 Rxe4 27. Rxe4 Bxf5 28. Re2 Rd8 29. Rd1 Qg3 30. Rf2 Nh4 31. Qf4 Qxf4 32. Rxf4 g5 33. Rf2 c5 34. g3 Bxc2 35. Rxc2 Nf3+ 36. Kg2 Nxd4 37. Rf2 Kg7 38. Bc4 f6 39. Re1 Bd6 40. Bd5 Rb8 41. h4 Be5 42. hxg5 hxg5 43. Rh1 b5 44. Be4 Rh8 45. Rxh8 Kxh8 46. Kh3 Kg7 47. Kg4 Kf7 48. Rh2 Ke6 49. Rh7 f5+ 50. Bxf5+ Nxf5 51. Rxa7 Nd4 52. a6 Nc6 53. Rb7 b4 54. b3 Bb8 55. Rxb8 Kd7 56. a7 Nxa7 57. Rb7+ Kc6 58. Rxa7 Kd6 1-0

[Event "CZE-chT1E 1819"]
[Site "Czech Republic"]
[Date "2019.04.07"]
[Round "11.3"]
[White "Husek, Martin"]
[Black "Krejci, Jan"]
[Result "1/2-1/2"]
[WhiteElo "2134"]
[BlackElo "2116"]
[PlyCount "94"]
[EventDate "2018.10.21"]
[EventType "team-tourn"]
[EventRounds "11"]
[EventCountry "CZE"]
[SourceTitle "EXT 2020"]
[Source "ChessBase"]
[SourceDate "2019.10.17"]
[SourceVersion "1"]
[SourceVersionDate "2019.10.17"]
[SourceQuality "1"]
[WhiteTeam "Stare Mesto"]
[BlackTeam "Litovel Tatran"]
[WhiteTeamCountry "CZE"]
[BlackTeamCountry "CZE"]

1. e4 e5 2. Nf3 Nf6 3. Nxe5 d6 4. Nf3 Nxe4 5. Nc3 Nxc3 6. dxc3 Be7 7. Be3 Nc6 8. Qd2 Be6 9. 0-0-0 Bf6 10. h3 Qd7 11. Ng5 a6 12. Nxe6 fxe6 13. g4 g6 14. Be2 0-0-0 15. h4 Kb8 16. h5 gxh5 17. Rxh5 Qf7 18. Rdh1 e5 19. c4 e4 20. g5 Be5 21. R5h4 Qg6 22. Bh5 Qe6 23. Qd5 Qxd5 24. cxd5 Nb4 25. Bf7 c6 26. dxc6 d5 27. cxb7 Rd7 28. Rxh7 Rxh7 29. Rxh7 Rc7 30. g6 d4 31. g7 Bxg7 32. Bf4 Nd3+ 33. Kd2 Nxf4 34. Rxg7 Kxb7 35. Rh7 Kb6 36. Bg8 Rc8 37. Rh6+ Kc5 38. Bf7 Rc7 39. Rf6 Nh3 40. Be6 Nxf2 41. Ke2 e3 42. Bf5 a5 43. c3 dxc3 44. bxc3 Kc4 45. Kxe3 Nd1+ 46. Kd2 Nxc3 47. Bd3+ Kb4 1/2-1/2

[Event "CZE-chT 1718"]
[Site "Czech Republic"]
[Date "2017.12.03"]
[Round "4.4"]
[White "Krejci, Jan"]
[Black "Pisk, Petr"]
[Result "1/2-1/2"]
[WhiteElo "2134"]
[BlackElo "2336"]
[PlyCount "28"]
[EventDate "2017.11.18"]
[EventType "team-tourn"]
[EventRounds "11"]
[EventCountry "CZE"]
[SourceTitle "CBM 181 Extra"]
[Source "ChessBase"]
[SourceDate "2017.12.12"]
[SourceVersion "1"]
[SourceVersionDate "2017.12.12"]
[SourceQuality "1"]
[WhiteTeam "Tatran Litovel"]
[BlackTeam "Brno Moravska Slavia"]
[WhiteTeamCountry "CZE"]
[BlackTeamCountry "CZE"]

1. Nf3 d6 2. d4 Bg4 3. g3 Bxf3 4. exf3 c6 5. f4 d5 6. Bg2 e6 7. 0-0 Nf6 8. Nd2 Be7 9. Nf3 0-0 10. b3 a5 11. a4 Na6 12. Ne5 Qc7 13. Bb2 Rfd8 14. Qe2 Bf8 1/2-1/2

[Event "CZE-chT rap"]
[Site "Pardubice"]
[Date "2017.07.14"]
[Round "3.1"]
[White "Rubes, Jan"]
[Black "Krejci, Jan"]
[Result "0-1"]
[WhiteElo "2330"]
[BlackElo "1567"]
[PlyCount "66"]
[EventDate "2017.07.13"]
[EventType "team-swiss"]
[EventRounds "7"]
[EventCountry "CZE"]
[SourceTitle "EXT 2018"]
[Source "ChessBase"]
[SourceDate "2017.10.13"]
[SourceVersion "1"]
[SourceVersionDate "2017.10.13"]
[SourceQuality "1"]
[WhiteTeam "Jeste Mladsi"]
[BlackTeam "Polabiny"]
[WhiteTeamCountry "CZE"]
[BlackTeamCountry "CZE"]

1. e4 e5 2. Nf3 Nc6 3. Bb5 a6 4. Bxc6 dxc6 5. 0-0 Qf6 6. d4 exd4 7. Bg5 Qd6 8. Nxd4 Bd7 9. Nc3 Be7 10. Be3 0-0-0 11. f4 Nh6 12. Kh1 Rhe8 13. h3 f6 14. Qh5 Qc5 15. Qf3 Qb4 16. a3 Qc4 17. Nb3 Bd6 18. Rad1 Nf7 19. Na5 Qe6 20. Bg1 Kb8 21. Qf2 b6 22. b4 c5 23. e5 fxe5 24. f5 Qh6 25. Qe2 bxa5 26. bxc5 Bc6 27. Ne4 Bf8 28. Be3 g5 29. Rd6 Nxd6 30. cxd6 Bxe4 31. Rb1+ Kc8 32. Qxa6+ Kd7 33. Kg1 Bxd6 0-1

[Event "CZE-chT2F 1617"]
[Site "Czech Republic"]
[Date "2017.03.19"]
[Round "10.3"]
[White "Miturova, Magdalena"]
[Black "Krejci, Jan"]
[Result "1-0"]
[WhiteElo "2208"]
[BlackElo "2147"]
[PlyCount "79"]
[EventDate "2016.10.09"]
[EventType "team-tourn"]
[EventRounds "11"]
[EventCountry "CZE"]
[SourceTitle "EXT 2022"]
[Source "ChessBase"]
[SourceDate "2021.10.06"]
[SourceVersion "1"]
[SourceVersionDate "2021.10.06"]
[SourceQuality "1"]
[WhiteTeam "Cesky Tesin"]
[BlackTeam "Litovel Tatran II"]
[WhiteTeamCountry "CZE"]
[BlackTeamCountry "CZE"]

1. e4 e5 2. Nc3 Nc6 3. Nf3 Nf6 4. Bb5 Bb4 5. 0-0 0-0 6. d3 d6 7. Bg5 Bxc3 8. bxc3 Qe7 9. Re1 Nd8 10. d4 Ne6 11. Bc1 c5 12. Bf1 Nc7 13. d5 h6 14. Rb1 b6 15. c4 Bg4 16. h3 Bh5 17. Rb3 Bg6 18. Rbe3 Nd7 19. g3 f5 20. exf5 Bxf5 21. Nh4 Bh7 22. Bd3 g5 23. Ng2 Qf6 24. Rf1 Bxd3 25. cxd3 Qg6 26. g4 b5 27. h4 Rf7 28. Rh3 Nf8 29. hxg5 hxg5 30. Ne3 Rh7 31. Rxh7 Nxh7 32. Nf5 Qf6 33. Kg2 Rf8 34. Rh1 Ne8 35. Rh6 Qd8 36. Qh1 Nef6 37. Rg6+ Kh8 38. Bxg5 Rf7 39. Bxf6+ Rxf6 40. Rg7 1-0

[Event "CZE-chT2F 1617"]
[Site "Czech Republic"]
[Date "2017.01.29"]
[Round "7.3"]
[White "Krejci, Jan"]
[Black "Rakus, Pavel"]
[Result "1/2-1/2"]
[WhiteElo "2147"]
[BlackElo "2189"]
[PlyCount "84"]
[EventDate "2016.10.09"]
[EventType "team-tourn"]
[EventRounds "11"]
[EventCountry "CZE"]
[SourceTitle "EXT 2022"]
[Source "ChessBase"]
[SourceDate "2021.10.06"]
[SourceVersion "1"]
[SourceVersionDate "2021.10.06"]
[SourceQuality "1"]
[WhiteTeam "Litovel Tatran II"]
[BlackTeam "Benesov Dolni"]
[WhiteTeamCountry "CZE"]
[BlackTeamCountry "CZE"]

1. Nf3 d5 2. c4 d4 3. e3 Nc6 4. exd4 Nxd4 5. b4 Bf5 6. d3 e6 7. Qa4+ c6 8. b5 Bb4+ 9. Bd2 Bxd2+ 10. Nbxd2 Ne7 11. Rd1 0-0 12. Nxd4 Qxd4 13. Qa3 Ng6 14. Nf3 Qb6 15. c5 Qc7 16. d4 e5 17. Bc4 cxb5 18. Bxb5 a6 19. Bc4 exd4 20. 0-0 Bg4 21. Rxd4 Bxf3 22. Qxf3 Qxc5 23. Rfd1 Ne5 24. Qb3 Nxc4 25. Rxc4 Qh5 26. h3 b5 27. Rc7 Rad8 28. Rdd7 h6 29. Qd3 Rxd7 30. Qxd7 Qg6 31. a3 Qb1+ 32. Kh2 Qb2 33. Ra7 Qxa3 34. Qc6 Qb2 35. Rxa6 Qxf2 36. Qxb5 Qf4+ 37. Kh1 Rb8 38. Qd3 Qc1+ 39. Kh2 Re8 40. Ra2 Qf4+ 41. g3 Qf6 42. Re2 Rxe2+ 1/2-1/2

[Event "Ricany op"]
[Site "Ricany"]
[Date "2016.09.02"]
[Round "8"]
[White "Balacek, Tadeas"]
[Black "Krejci, Jan"]
[Result "1/2-1/2"]
[WhiteElo "2302"]
[BlackElo "2496"]
[PlyCount "31"]
[EventDate "2016.08.27"]
[EventType "swiss"]
[EventRounds "9"]
[EventCountry "CZE"]
[SourceTitle "CBM 174 Extra"]
[Source "ChessBase"]
[SourceDate "2016.10.10"]
[SourceVersion "1"]
[SourceVersionDate "2016.10.10"]
[SourceQuality "1"]

1. d4 Nf6 2. c4 e6 3. Nf3 c5 4. d5 b5 5. e4 Nxe4 6. Bd3 Nf6 7. 0-0 Bb7 8. Re1 Be7 9. Nc3 0-0 10. dxe6 dxe6 11. cxb5 Nbd7 12. Bg5 h6 13. Bh4 Rc8 14. Qe2 Qa5 15. Nd2 Qd8 16. Nc4 1/2-1/2

[Event "Ricany op"]
[Site "Ricany"]
[Date "2016.09.01"]
[Round "7"]
[White "Krejci, Jan"]
[Black "Cerny, Martin"]
[Result "1/2-1/2"]
[WhiteElo "2496"]
[BlackElo "2130"]
[PlyCount "87"]
[EventDate "2016.08.27"]
[EventType "swiss"]
[EventRounds "9"]
[EventCountry "CZE"]
[SourceTitle "CBM 174 Extra"]
[Source "ChessBase"]
[SourceDate "2016.10.10"]
[SourceVersion "1"]
[SourceVersionDate "2016.10.10"]
[SourceQuality "1"]

1. e4 c5 2. Nf3 e6 3. Nc3 a6 4. d4 cxd4 5. Nxd4 Qc7 6. Bd3 Nc6 7. Nxc6 dxc6 8. 0-0 Nf6 9. a4 e5 10. Be3 a5 11. h3 Be6 12. Ne2 Nd7 13. f4 f6 14. Kh1 Bc5 15. Bd2 0-0 16. f5 Bf7 17. Ng3 Qb6 18. b3 Be3 19. Bxe3 Qxe3 20. Qg4 Nc5 21. Rae1 Qh6 22. Rd1 Rfd8 23. Qe2 Rd4 24. c3 Rxd3 25. Rxd3 Nxd3 26. Qxd3 Qg5 27. c4 h5 28. Rd1 h4 29. Nf1 Bh5 30. Rd2 Kh7 31. Kg1 Rg8 32. c5 Qf4 33. Qe3 Qxe3+ 34. Nxe3 Bf7 35. Nc4 Bxc4 36. bxc4 Kh6 37. Kf2 Rb8 38. Rd6 Kg5 39. Kf3 b6 40. Rd7 Kh6 41. Ra7 bxc5 42. Rxa5 Rb3+ 43. Ke2 Rb2+ 44. Kf3 1/2-1/2

[Event "Ricany op"]
[Site "Ricany"]
[Date "2016.08.29"]
[Round "4"]
[White "Bures, Jaroslav"]
[Black "Krejci, Jan"]
[Result "0-1"]
[WhiteElo "2376"]
[BlackElo "2496"]
[PlyCount "112"]
[EventDate "2016.08.27"]
[EventType "swiss"]
[EventRounds "9"]
[EventCountry "CZE"]
[SourceTitle "CBM 174 Extra"]
[Source "ChessBase"]
[SourceDate "2016.10.10"]
[SourceVersion "1"]
[SourceVersionDate "2016.10.10"]
[SourceQuality "1"]

1. d4 Nf6 2. c4 e6 3. g3 d5 4. Bg2 Bb4+ 5. Bd2 Be7 6. Qc2 0-0 7. Nf3 c6 8. 0-0 Nbd7 9. Rd1 b6 10. Be1 Bb7 11. Nbd2 Rc8 12. e4 c5 13. e5 Ne8 14. cxd5 Bxd5 15. Rac1 Nc7 16. dxc5 Na6 17. a3 Rxc5 18. Qd3 Rxc1 19. Rxc1 Nac5 20. Qd4 Nb8 21. b4 Nc6 22. Qe3 Nd7 23. Nd4 Nxd4 24. Qxd4 Bxg2 25. Kxg2 Qa8+ 26. Kg1 Rd8 27. Rc7 Nf8 28. Qc4 Rd7 29. Rxd7 Nxd7 30. f4 Qb7 31. Ne4 b5 32. Qd3 a6 33. Bf2 Qc6 34. Kf1 h6 35. Ke2 f5 36. exf6 Nxf6 37. Nxf6+ Bxf6 38. h4 h5 39. Qb3 Kf7 40. Qd3 g6 41. Bc5 Qd5 42. Qxd5 exd5 43. Kf3 Ke6 44. g4 Bxh4 45. f5+ gxf5 46. gxh5 Bg5 47. Ke2 Bh6 48. Kd3 f4 49. Ke2 Kf5 50. Kf3 Kg5 51. Bd6 Kf5 52. Bc5 Ke5 53. Ba7 d4 54. Bb8+ Kf5 55. Bc7 d3 56. Bb8 d2 0-1

[Event "Ricany op"]
[Site "Ricany"]
[Date "2016.08.28"]
[Round "3"]
[White "Krejci, Jan"]
[Black "Starek, Stanislav"]
[Result "1-0"]
[WhiteElo "2496"]
[BlackElo "2172"]
[PlyCount "61"]
[EventDate "2016.08.27"]
[EventType "swiss"]
[EventRounds "9"]
[EventCountry "CZE"]
[SourceTitle "CBM 174 Extra"]
[Source "ChessBase"]
[SourceDate "2016.10.10"]
[SourceVersion "1"]
[SourceVersionDate "2016.10.10"]
[SourceQuality "1"]

1. d4 Nf6 2. c4 e6 3. Nc3 Bb4 4. e3 b6 5. Bd3 Bb7 6. Nf3 0-0 7. 0-0 Bxc3 8. bxc3 d6 9. Nd2 e5 10. f3 Nbd7 11. a4 Qe7 12. e4 c5 13. a5 bxa5 14. Nb3 a4 15. Rxa4 Nb6 16. Ra5 Nfd7 17. Be3 exd4 18. cxd4 d5 19. Nxc5 Nxc5 20. Rxc5 dxc4 21. Bc2 Rfc8 22. Qe2 Qf6 23. Rb1 Bc6 24. d5 Bd7 25. Qf2 Rxc5 26. Bxc5 Nc8 27. Bd4 Qd6 28. e5 Qc7 29. Qh4 h6 30. e6 fxe6 31. Qe4 1-0

[Event "CZE-chT rap"]
[Site "Pardubice"]
[Date "2016.07.16"]
[Round "5.2"]
[White "Krejci, Jan"]
[Black "Roesemann, Rainer"]
[Result "1-0"]
[WhiteElo "1616"]
[BlackElo "2314"]
[PlyCount "85"]
[EventDate "2016.07.14"]
[EventType "team-swiss"]
[EventRounds "7"]
[EventCountry "CZE"]
[SourceTitle "EXT 2017"]
[Source "ChessBase"]
[SourceDate "2016.10.25"]
[SourceVersion "1"]
[SourceVersionDate "2016.10.25"]
[SourceQuality "1"]
[WhiteTeam "Polabiny"]
[BlackTeam "Leipzig SG"]
[WhiteTeamCountry "CZE"]
[BlackTeamCountry "GER"]

1. d4 Nf6 2. c4 e6 3. Nc3 Bb4 4. e3 0-0 5. Nge2 d5 6. a3 Be7 7. Ng3 b6 8. cxd5 exd5 9. Bd3 Re8 10. 0-0 c5 11. h3 Bb7 12. Qf3 Nc6 13. Nce2 Bf8 14. Bd2 c4 15. Bc2 b5 16. Nc3 a6 17. Nh5 Ne4 18. Nxe4 dxe4 19. Qg4 Bc8 20. Qe2 Qg5 21. Ng3 f5 22. b3 Be6 23. Rfb1 Bd6 24. Qe1 h5 25. bxc4 Bxc4 26. Bb3 Bxb3 27. Rxb3 h4 28. Ne2 Re6 29. Rc1 Rg6 30. Qf1 Qe7 31. Rxc6 Bh2+ 32. Kxh2 Rxc6 33. Bb4 Qc7+ 34. Kg1 Rc2 35. Rc3 Rxc3 36. Nxc3 Rb8 37. Bc5 Qc6 38. Qd1 a5 39. Qb3+ Kh8 40. Qf7 b4 41. axb4 axb4 42. Bxb4 Qa8 43. Nd5 1-0